2000 1843 1535 1405 1791 1434 1355 1788 1738 1314 1393 1015 1188 1658 1707 1770 1039 1997 1255 1448 1444 1180 1224 1137 1978 1705 1095 1583 1402 1960 1887 1815 1341 1500 1214 1642 1831 1456 1789 1017 1045 1137 1444 1424 1961 1954 1113 1774 1581 1050 1222 1452 1513 1109 1502 1069 1850 1689 1927 1138 1496 1735 1862 1063 1782 1236 1806 1057 1598 1621 1294 1648 1897 1437 1449 1710 1668 1555 1953 1972 1732 1739 1897 1856 1963 1594 1167 1400 1578 1888 1412 1974 1042 1610 1146 1730 1790 1415 1264 BCNSPRNW ULIB Ver.6.0+V

เปลี่ยนเป็นภาษาไทย

Change to English
 แสดงรายละเอียดบรรณานุกรม
  กลับหน้าหลัก

Brief Record : Get Marc (ISO 2709) : E-mail record : QR code < ปิดหน้าต่าง
LEADER : 00000nam 2200000uu 4500
001    13399126951
003     ULIB
008    190917s2561||||th 000 0 tha d
020    ^a9786164748668
060    ^aWM270^bร387ก
100    ^aรัศมน กัลยาศิริ
245    ^aการเสพติดและผลแทรกซ้อนทางจิตเวช (Addiction & Psychiatric Complications)
250    ^aพิมพ์ครั้งที่ 1
260    ^aกรุงเทพฯ :^bภาควิชาจิตเวชศาสตร์ คณะแพทยศาสตร์ จุฬาลงกรณ์มหาวิทยาลัย,^c2561
300    ^a190 หน้า^bภาพประกอบ, ตาราง, ภาคผนวก
650    ^aจิตเวชศาสตร์
650    ^aสารเสพติด
945    ^p200^l0^i27701
945    ^p200^l0^i27702
945    ^p200^l0^i27700
945    ^p200^l0^i27703
945    ^p200^l0^i27704
999    ^aกัณชพร จุลอักษร
รายการนี้ยังไม่มีแท็ก
คุณยังไม่ได้ล็อกอิน คุณสามารถมีกิจกรรมร่วมกับเว็บไซต์ได้ แต่ต้องล็อกอินก่อน ::
  ล็อกอิน

รายการสื่อสารสนเทศ

ลำดับที่ ประเภท เลขเรียก/บาร์โค้ด สถานที่ สถานะ
1. หนังสือสำรอง
หนังสือสำรอง
WM270 ร387ก ฉ.1 
  Barcode: 27700
ห้องสมุดวิทยาเขตนครสวรรค์
►หนังสือทั่วไป:l:General Books
บนชั้น
2. วิทยาศาสตร์การแพทย์ และสุขภาพ
วิทยาศาสตร์การแพทย์ และสุขภาพ
WM270 ร387ก ฉ.2 
  Barcode: 27701
ห้องสมุดวิทยาเขตนครสวรรค์
►หนังสือทั่วไป:l:General Books
บนชั้น
3. วิทยาศาสตร์การแพทย์ และสุขภาพ
วิทยาศาสตร์การแพทย์ และสุขภาพ
WM270 ร387ก ฉ.3 
  Barcode: 27702
ห้องสมุดวิทยาเขตนครสวรรค์
►หนังสือทั่วไป:l:General Books
บนชั้น
4. วิทยาศาสตร์การแพทย์ และสุขภาพ
วิทยาศาสตร์การแพทย์ และสุขภาพ
WM270 ร387ก ฉ.4 
  Barcode: 27703
ห้องสมุดวิทยาเขตนครสวรรค์
►หนังสือทั่วไป:l:General Books
บนชั้น
5. วิทยาศาสตร์การแพทย์ และสุขภาพ
วิทยาศาสตร์การแพทย์ และสุขภาพ
WM270 ร387ก ฉ.5 
  Barcode: 27704
ห้องสมุดวิทยาเขตนครสวรรค์
►หนังสือทั่วไป:l:General Books
บนชั้น

รายการใกล้เคียง
    ชื่อเรื่อง [การเสพติดและผลแทรกซ้อนทางจิตเวช (Addiction & Psychiatric Complications)]

    ผู้แต่ง [รัศมน กัลยาศิริ]

    หัวเรื่อง [จิตเวชศาสตร์]
    หัวเรื่อง [สารเสพติด]

BibComment


ยังไม่เคยถูกคอมเมนท์

คอมเมนท์ทรัพยากรรายการนี้
  คอมเมนท์: การเสพติดและผลแท..


 Copyright 2026. Bcnsprnw @Library